000 00684nam a2200265Ia 4500
005 20250425161828.0
008 250425s9999 xx 000 0 und d
020 _a9978961283
041 _aspa
043 _aec
082 _a352.0073
100 _aCORONEL, CESAR
245 0 _aDESCENTRALIZACION Y DESARROLLO LOCAL. CONSTRUIMOS EL FUTURO CON NUESTRAS PROPIAS MANOS
250 _a1A ED.
260 _aEcuador
_bCORPORACION DE ESTUDIOS PARA EL DESARROLLO
_c1999
260 _aQUITO
300 _a350
650 _aDESARROLLO
650 _aDESCENTRALIZACION
650 _aGOBERNABILIDAD
650 _aPOLITICA
710 _aCORDES
942 _c01
010 _a31391
999 _c216944
_d216944